000
00315nam a2200133Ia 4500
005
20260326235441.0
008
260326s9999||||xx |||||||||||||| ||und||
100
_a
Spade, Rupert
245
0
_a
Oscar Niemeyer /
_c
Rupert Spade
260
_b
Simon & Schuster
300
_a
135 p.
650
_a
ARQUITECTOS
942
_c
BK
999
_c
7419
_d
7419